00339nam a2200121Ia 4500008004100000041000800041082001200049100002000061245004400081260005500125300003000180365000700210240624s9999 xx 000 0 und d aeng a828 BAN aBANERJEE ANANDA aCOMMON BIRDS OF THE INDIAN SUBCONTINENT c2015aNew DelhibRupa Publications India Pvt. Ltd. axv, : 116 : p. : cm. ; 18 cRS